00726nam a2200205Ia 4500003000400000005001700004008004100021020001800062040001800080041000800098082002100106100001900127245011600146250001200262260004900274300002300323650005900346650004300405650007200448OSt20240525090030.0210716s2014 xx 000 0 und d a9781472910509 cAIMIT LIBRARY aeng a374.22 21bPIND aPinto, Daniel. aCapital wars :bnew east west challenge for entrepreneurial leadership and economic success /cBy Daniel Pinto. a1st ed. aNew Delhi :bReplika Press Pvt Ltd ,c2014. aix,246p. ;bPBcPB aThe impossible gamble of redistribution without growth aFrom empire builders to administrators aRepositioning the business creator as the cornerstone of capitalism